| 000 | 00635nam a2200181Ia 4500 | ||
|---|---|---|---|
| 005 | 20250923144714.0 | ||
| 008 | 008 250917s9999 xx 000 0 eng d | ||
| 037 | _aTextual | ||
| 040 |
_aDSWL _beng _cDSWL |
||
| 041 |
_aeng _2eng |
||
| 084 |
_aYX,Z2-z53;6-J.2815'N58t4, N60 _qDSWL |
||
| 100 |
_aJalil, S.B. _9827568 |
||
| 245 | 0 |
_aTwo Institutions - A comperetive study of the working of the Bilquise nursing Home for deserted babies _cby S.B. Jalil |
|
| 260 |
_aDelhi _bDelhi _c1960 |
||
| 300 | _ax,112,viiip. | ||
| 942 |
_cTEXL _hYX,Z2-z53;6-J.2815'N58t4, N60 |
||
| 999 |
_c1442289 _d1442289 |
||